Los cordados : origen, evolución y hábitos de los vertebrados /

Los cordados son un taxón en los que se destaca la cuerda dorsal o notocordio de células sinuosas a esta categoría taxonómica pertenecen los vertebrados. Es un grupo de animales de gran diversidad y presentan adaptaciones para la supervivencia ya que poseen mayor control de su metabolismo y desarrol...

Volledige beschrijving

Bewaard in:
Bibliografische gegevens
Hoofdauteur: Alvarez del Villar, José (autor)
Formaat: Boek
Taal:Spaans
Gepubliceerd in: México : Consejo Nacional para la Enseñanza de la Biología : CECSA, 1983, c1977
Editie:2a edición
Onderwerpen:
Tags: Voeg label toe
Geen labels, Wees de eerste die dit record labelt!

MARC

LEADER 00000nam^a2200000^a^4500
001 000318806
005 20250707000000.0
009 20260310113422.88
037 |a Acervo ITESO - Biblioteca 
041 |a ESP 
082 |a 596.  |b ALV 
100 |a Alvarez del Villar, José  |e (autor) 
245 1 4 |a Los cordados :  |b origen, evolución y hábitos de los vertebrados /  |c J. Alvarez del Villar ; pref. de Agustín Ayala-Castañares. 
250 |a 2a edición 
264 4 |a México :  |b Consejo Nacional para la Enseñanza de la Biología :  |b CECSA,  |c 1983, c1977 
300 |a 372 p. 
336 |a texto  |b txt  |2 rdacontenido 
337 |a sin mediación  |b n  |2 rdamedio 
338 |a volumen  |b nc  |2 rdasoporte 
520 |a Los cordados son un taxón en los que se destaca la cuerda dorsal o notocordio de células sinuosas a esta categoría taxonómica pertenecen los vertebrados. Es un grupo de animales de gran diversidad y presentan adaptaciones para la supervivencia ya que poseen mayor control de su metabolismo y desarrollan un complejo sistema nervioso. 
649 |a XX 
650 |a Vertebrados -  |x Tema Principal 
650 |a Cordados -  |x Tema Principal 
650 |a Evolución 
650 |a Etología 
650 |a Zoología 
650 |a Biología 
910 |a Fondo General 
920 |a Impresos - Libros 
930 |a Colección General 
905 |a 101 
901 |a 0500206005  |b IT1  |c ACC  |d DT  |i D57615  |u 20250707 
902 |a https://opac.biblio.iteso.mx/vufind/Record/000318806